Young cam jansen and the lions' lunch mystery / (Record no. 4880)

MARC details
000 -LEADER
fixed length control field 00982nam a22003017a 4500
001 - CONTROL NUMBER
control field 4880
003 - CONTROL NUMBER IDENTIFIER
control field FISKH
005 - DATE AND TIME OF LATEST TRANSACTION
control field 20250703110452.0
008 - FIXED-LENGTH DATA ELEMENTS--GENERAL INFORMATION
fixed length control field 241022b cb ||||| |||| 00| 0 eng d
020 ## - INTERNATIONAL STANDARD BOOK NUMBER
International Standard Book Number 9780142411766
040 ## - CATALOGING SOURCE
Original cataloging agency FISKH
Language of cataloging eng
Transcribing agency FISKH
Modifying agency FISKH
050 ## - LIBRARY OF CONGRESS CALL NUMBER
Classification number PZ7.A2615
082 ## - DEWEY DECIMAL CLASSIFICATION NUMBER
Classification number 490
100 ## - MAIN ENTRY--PERSONAL NAME
Personal name A.Adler, David
Dates associated with a name (1947–)
245 ## - TITLE STATEMENT
Title Young cam jansen and the lions' lunch mystery /
Statement of responsibility, etc. By David A. Adler illustrated by Susanna Natti
250 ## - EDITION STATEMENT
Edition statement Published in 2007
260 ## - PUBLICATION, DISTRIBUTION, ETC.
Place of publication, distribution, etc. New York :
Name of publisher, distributor, etc. Penguin Young,
Date of publication, distribution, etc. 2008.
300 ## - PHYSICAL DESCRIPTION
Extent 31 pages :
Other physical details color illustrations ;
Dimensions 23 cm
505 ## - FORMATTED CONTENTS NOTE
Formatted contents note J<br/>
520 ## - SUMMARY, ETC.
Summary, etc. On a field trip to the zoo, Cam Jansen uses her photographic memory to help solve what happened to Danny's lunch.
521 8# - TARGET AUDIENCE NOTE
Target audience note 480L<br/>
Source Lexile<br/>
521 8# - TARGET AUDIENCE NOTE
Target audience note J<br/>
Source Raz-Plus<br/>
650 ## - SUBJECT ADDED ENTRY--TOPICAL TERM
Source of heading or term Realistic fiction
Topical term or geographic name entry element Mystery
Form subdivision Easy reader
650 ## - SUBJECT ADDED ENTRY--TOPICAL TERM
Source of heading or term Memory
Topical term or geographic name entry element Cam Jansen
700 ## - ADDED ENTRY--PERSONAL NAME
Personal name Natti, Susanna
Dates associated with a name illustrator
942 ## - ADDED ENTRY ELEMENTS (KOHA)
Source of classification or shelving scheme Dewey Decimal Classification
Koha item type Books
Suppress in OPAC No
Holdings
Withdrawn status Lost status Source of classification or shelving scheme Damaged status Not for loan Collection Home library Current library Shelving location Date acquired Total Checkouts Full call number Barcode Date last seen Date last checked out Copy number Price effective from Koha item type
    Dewey Decimal Classification     Juvenile Fiction Footprints International School Library Network Toul Kork Campus Footprints International School Library Network Toul Kork Campus TK Primary Library Room(4th Floor), Bookcase 1&2, Shelves 1-16, Dark Blue Books 10/22/2024 1 ADL 490 PZ7.A2615 2024-2194 04/23/2026 04/09/2026 1 10/22/2024 Books
    Dewey Decimal Classification     Juvenile Fiction Footprints International School Library Network Toul Tom Poung Campus Footprints International School Library Network Toul Tom Poung Campus TTP Primary Dark Blue Bookshelves 07/03/2025   ADL 490 PZ7.A2615 FIS03122 07/03/2025   2 07/03/2025 Books